Már a spájzban a bioenergia Klárafalván trágyából csinálnak áramot /

Elmentve itt :
Bibliográfiai részletek
Szerző: Farkas Csaba
Dokumentumtípus: Cikk
Megjelent: 2006-05-29
Sorozat:Délmagyarország 96 No. 124
Kulcsszavak:Klárafalva, Iparfejlesztés tollfeldolgozás Klárafalva, Németh Toll Kft. Klárafalva, Bioenergia
Online Access:http://dmarchiv.bibl.u-szeged.hu/136351
LEADER 00582nab a2200157 i 4500
001 delm136351
005 20191216102805.0
008 191216s2006 hu o 0|| hun d
040 |a SZTE Délmagyarország Archívum  |b hun 
041 |a hun 
100 1 |a Farkas Csaba 
245 1 0 |a Már a spájzban a bioenergia   |h [elektronikus dokumentum] :  |b Klárafalván trágyából csinálnak áramot /  |c  Farkas Csaba 
260 |c 2006-05-29 
300 |a 6 
490 0 |a Délmagyarország  |v 96 No. 124 
695 |a Klárafalva, Iparfejlesztés tollfeldolgozás Klárafalva, Németh Toll Kft. Klárafalva, Bioenergia